Baseball stars by team - Statistics

General Stats
  • This quiz has been taken 365 times
  • The average score is 12 of 18
Answer Stats
Hint Answer % Correct
Mike Trout Angels
99%
Giancarlo Stanton Marlins
97%
Joey Votto Reds
90%
Freddie Freeman Braves
86%
Joe Mauer Twins
85%
Clayton Kershaw Dodgers
84%
Dustin Pedroia Red Sox
76%
Robinson Cano Mariners
72%
Prince Fielder Rangers
67%
David Price Rays
66%
Starling Marte Pirates
61%
Carlos Gomez Brewers
54%
Matt Wieters Orioles
51%
Adam Dunn White Sox
44%
Brian McCann Yankees
41%
Josh Reddick Athletics
37%
Chris Carter Astros
33%
Mark Beuhrle Blue Jays
31%
No matching quizzes found
Score Distribution
Percent of People with Each Score
Percentile by Number Answered
Your Score History
You have not taken this quiz